000 00403nam a22001697a 4500
003 MPLRDC
005 20220104164309.0
008 210129b ||||| |||| 00| 0 eng d
082 _a490.8 MB v.7
100 _aARTHUR C. CROFT
245 _aPERSONNEL MANAGEMENT
_c
260 _a
_bALEXANDER HAMILTON I
_c1977
300 _b
490 _aMODERN BUSINESS
650 _a
942 _cBK
_o490.8 MB v.7
999 _c56887
_d56877